|
|
|
|
| LEADER |
01856nim a2200541 i 4500 |
| 001 |
001882528 |
| 003 |
CZ BrMZK |
| 005 |
20240403103515.0 |
| 007 |
sd fungnnmmned |
| 008 |
240112t20232023xr nnnng f n cze |
| 015 |
|
|
|a cnb003577826
|
| 024 |
3 |
|
|a 8590236119420
|
| 028 |
0 |
1 |
|a CR1194-2
|b Radioservis
|
| 040 |
|
|
|a BOA001
|b cze
|e rda
|
| 072 |
|
7 |
|a 821.162.3-3
|x Česká próza
|2 Konspekt
|9 25
|
| 080 |
|
|
|a 821.162.3-31
|2 MRF
|
| 080 |
|
|
|a (0:82-312.4)
|2 MRF
|
| 080 |
|
|
|a (086.7)08
|2 MRF
|
| 080 |
|
|
|a (086.76)
|2 MRF
|
| 100 |
1 |
|
|a Škvorecký, Josef,
|d 1924-2012
|7 jk01130413
|4 aut
|
| 245 |
1 |
0 |
|a Vražda v zastoupení /
|c Josef Škvorecký a Jan Zábrana
|
| 264 |
|
1 |
|a [Praha] :
|b Radioservis,
|c [2023]
|
| 264 |
|
4 |
|c ℗2023
|
| 300 |
|
|
|a 1 audiodisk (5 hod., 33 min.) ;
|c 12 cm
|
| 306 |
|
|
|a 053300
|
| 336 |
|
|
|a mluvené slovo
|b spw
|2 rdacontent
|
| 337 |
|
|
|a audio
|b s
|2 rdamedia
|
| 338 |
|
|
|a audiodisk
|b sd
|2 rdacarrier
|
| 344 |
|
|
|a digital
|b optical
|2 rda
|
| 347 |
|
|
|a audio soubor
|b MP3
|2 rda
|
| 500 |
|
|
|a Název z disku
|
| 500 |
|
|
|a Fonogram Český rozhlas
|
| 508 |
|
|
|a Rozhlasová úprava Marina Feltlová ; režie Lukáš Hlavica
|
| 511 |
0 |
|
|a Čte Lukáš Hlavica
|
| 655 |
|
7 |
|a české romány
|7 fd133974
|2 czenas
|
| 655 |
|
7 |
|a detektivní romány
|7 fd132010
|2 czenas
|
| 655 |
|
7 |
|a audioknihy
|7 fd119452
|2 czenas
|
| 655 |
|
7 |
|a kompaktní disky
|7 fd201991
|2 czenas
|
| 655 |
|
9 |
|a Czech fiction
|2 eczenas
|
| 655 |
|
9 |
|a detective novels
|2 eczenas
|
| 655 |
|
9 |
|a audiobooks
|2 eczenas
|
| 655 |
|
9 |
|a compact discs
|2 eczenas
|
| 700 |
1 |
|
|a Feltlová, Marina,
|d 1971-
|7 js20060602005
|4 adp
|
| 700 |
1 |
|
|a Hlavica, Lukáš,
|d 1965-
|7 js20051017086
|4 drt
|4 nrt
|
| 910 |
|
|
|a BOA001
|b CDR-1517.797
|
| 990 |
|
|
|a AV
|
| 991 |
|
|
|b 202404
|c NOV
|
| 996 |
6 |
|
|b 2610958926
|c CDR-1517.797
|l MZK
|r Sklad / do 24 hodin
|n 0
|p p.v.
|w 001950136
|u 000010
|a 1
|e BOA001
|j MZK50
|s P
|